000 00337nam a2200145Ia 4500
008 191201s2006 xx 000 0 und d
082 _a658.8
_bKUM
100 _aKUMAR, Arun
245 0 _aMarketing Management
250 _a2nd
260 _aN.Delhi
_bVikas Publication House
_c2006
300 _a864
650 _aMBA
942 _2ddc
_cBK
999 _c2882
_d2882